000 00465nam a2200157 i 4500
001 70505
003 ES-MaACL
005 20230906170834.0
007 t|
008 040727s1968 sp ||||1| spa d
100 1 _aGarcía de Vargas, Ricardo.
_954498
245 1 0 _aGodella y los Pinazo /
_cpor Ricardo García de Vargas.
260 _aValencia :
_b[s.n.,
_c1968] (
_fSemana Gráfica)
300 _a47 p., 12 lám. ;
_c21 cm.
852 _aES-MaACL
_jC-35216
_bR.68278
999 _c70505
_d70505